000 00529nam a2200205Ii 4500
003 JO-AjNU
008 230606s9999||||xx |||||||||||||| ||und||
020 _a978-1-259-25458-1
040 _aJO-AjNU
_beng
_erda
_cJO-AjNU
041 _aeng
050 1 4 _aQD31.2.C37.2016
100 3 _aGoldsby,Chang,
_eauthor
_94867
245 0 0 _aChemistry
250 _a12 ed
300 _a1080p
336 _atext
_btxt
_2rdacontent
337 _aunmediated
_bn
_2rdamedia
338 _avolume
_bnc
_2rdacarrier
650 4 _aCHEMISTRY
_94868
999 _aE2519
_c2517
_d2517